World food report 1984

Salvato in:
Dettagli Bibliografici
Natura: Libro
Lingua:inglese
Pubblicazione: Rome Food and Agriculture Organization of the United Nations 1984
Tags: Aggiungi Tag
Nessun Tag, puoi essere il primo ad aggiungerne!!

MARC

LEADER 00000nam a2200000 4500
001 c114896
005 20221207071208.1
041 0 |a eng 
044 |a IT 
245 1 0 |a World food report 1984 
264 1 |a Rome  |b Food and Agriculture Organization of the United Nations  |c 1984 
300 |a 64 s.